000 00293nam a22001337a 4500
008 171020b xxu||||| |||| 00| 0 eng d
020 _a9780137439805
041 _aeng
080 _a338
100 _a54
101 _aMEN
245 _aDISCOVERING DATA MINING
_cCABENA.H
942 _2udc
_cBK
999 _c35175
_d35175